Which Country Bans These Things? - Statistics

General Stats
  • This quiz has been taken 321 times
  • The average score is 7 of 12
Answer Stats
What is banned Country % Correct
Kinder Surprise Candy Eggs United States
88%
Reincarnation without government permission China
87%
Time Travel (in films) China
87%
Dying in the House of Parliament United Kingdom
82%
Chewing gum Singapore
81%
Blue jeans North Korea
74%
Dancing in clubs Japan
66%
Red Bull (formerly) France
58%
Online video games after midnight South Korea
54%
Males wearing ponytails Israel
27%
Jogging groups Burundi
11%
Scrabble (formerly) Romania
9%
No matching quizzes found
Score Distribution
Percent of People with Each Score
Percentile by Number Answered
Your Score History
You have not taken this quiz